[Event "Catalunya-ch U18 qual"]
[Site "Girona"]
[Date "2013.??.??"]
[Round "1.3"]
[White "Herrero Nogareda, Robert"]
[Black "Toste Nieto, Alexandre"]
[Result "0-1"]
[WhiteElo "1830"]
[BlackElo "2163"]
[PlyCount "92"]
[EventDate "2013.01.19"]
[EventType "swiss"]
[EventRounds "5"]
[EventCountry "ESP"]
[SourceTitle "EXT 2024"]
[Source "ChessBase"]
[SourceDate "2023.10.10"]
[SourceVersion "1"]
[SourceVersionDate "2023.10.10"]
[SourceQuality "1"]

1. d4 Nf6 2. c4 g6 3. Nc3 Bg7 4. Nf3 0-0 5. e3 d6 6. Bd3 c5 7. 0-0 b6 8. b3 Bb7 9. Bb2 Na6 10. a3 e6 11. d5 e5 12. e4 Nh5 13. h3 Nf4 14. Nh2 Qg5 15. Qf3 Bc8 16. Kh1 f5 17. Bc1 Qe7 18. Bxf4 fxe4 19. Bxe4 Rxf4 20. Qd3 Bd7 21. Ne2 Rf7 22. Qg3 Raf8 23. Nf3 Bf6 24. h4 Rg7 25. Ng5 h6 26. Ne6 Bxe6 27. dxe6 Bxh4 28. Qe3 Bg5 29. Qg3 Nc7 30. Nc3 Qxe6 31. Nd5 Kh7 32. Nxc7 Rxc7 33. Bd5 Qf5 34. Qf3 Qc8 35. Qe4 Rf4 36. Qd3 Rd4 37. Qh3 Qxh3+ 38. gxh3 Rd3 39. Be4 Rxh3+ 40. Kg2 Rxb3 41. Rad1 Rd7 42. Bc6 Rd8 43. Rd5 Rxa3 44. Rfd1 Be7 45. Rxe5 dxe5 46. Rxd8 Bxd8 0-1

[Event "Catalunya-ch U18 qual"]
[Site "Girona"]
[Date "2013.??.??"]
[Round "2.2"]
[White "Toste Nieto, Alexandre"]
[Black "Pinsach Gelabert, Alexandre"]
[Result "1-0"]
[WhiteElo "2163"]
[BlackElo "2178"]
[PlyCount "77"]
[EventDate "2013.01.19"]
[EventType "swiss"]
[EventRounds "5"]
[EventCountry "ESP"]
[SourceTitle "EXT 2024"]
[Source "ChessBase"]
[SourceDate "2023.10.10"]
[SourceVersion "1"]
[SourceVersionDate "2023.10.10"]
[SourceQuality "1"]

1. d4 d5 2. c4 e6 3. Nc3 c5 4. cxd5 exd5 5. Nf3 Nc6 6. g3 Nf6 7. Bg2 Be7 8. 0-0 0-0 9. h3 c4 10. Re1 Bf5 11. Bf4 a6 12. Ne5 Rc8 13. Nxc6 Rxc6 14. Be5 Ne4 15. f3 Nxc3 16. bxc3 f6 17. Bf4 g5 18. Be3 Bg6 19. Bf2 f5 20. e3 h5 21. Qe2 Re6 22. Rad1 h4 23. gxh4 gxh4 24. Qc2 Kh8 25. e4 fxe4 26. fxe4 Rg8 27. Kh1 Qd7 28. Qd2 dxe4 29. d5 Rd6 30. Qh6+ Bh7 31. Bd4+ Bf6 32. Bxf6+ Rxf6 33. Qxf6+ Rg7 34. Qe6 Qc7 35. d6 Qb6 36. Qe8+ Bg8 37. Qxe4 Qf2 38. Qf3 Qc5 39. d7 1-0

[Event "Figueres op 12th"]
[Site "Figueres"]
[Date "2011.08.15"]
[Round "6"]
[White "Balague Camps, Marc"]
[Black "Toste Nieto, Alexandre"]
[Result "1/2-1/2"]
[WhiteElo "2119"]
[BlackElo "1964"]
[PlyCount "61"]
[EventDate "2011.08.11"]
[EventType "swiss"]
[EventRounds "9"]
[EventCountry "ESP"]
[SourceTitle "CBM 143 Extra"]
[Source "ChessBase"]
[SourceDate "2011.08.29"]
[SourceVersion "1"]
[SourceVersionDate "2011.08.29"]
[SourceQuality "1"]

1. e4 c5 2. Nf3 e6 3. d4 cxd4 4. Nxd4 a6 5. Nc3 Qc7 6. Be3 Nc6 7. Qd2 Nf6 8. 0-0-0 Bb4 9. f3 Na5 10. Nb3 d5 11. exd5 Nxd5 12. Bd4 f6 13. Nxa5 Bxa5 14. Kb1 Bxc3 15. Bxc3 Nxc3+ 16. Qxc3 Qxc3 17. bxc3 Bd7 18. Kb2 Ke7 19. Bc4 Rad8 20. Rhe1 Rhe8 21. f4 Bc8 22. Rxd8 Rxd8 23. Bxe6 Bxe6 24. f5 Rd2 25. Rxe6+ Kf7 26. Rb6 Rxg2 27. h4 Rf2 28. Rxb7+ Kf8 29. Rb8+ Kf7 30. Rb7+ Kf8 31. Rb8+ 1/2-1/2

[Event "Llinars del Valles op-A 5th"]
[Site "Llinars del Valles"]
[Date "2011.05.07"]
[Round "2"]
[White "Toste Nieto, Alexandre"]
[Black "Ballester Benito, Rocco"]
[Result "1-0"]
[WhiteElo "1941"]
[BlackElo "1753"]
[PlyCount "71"]
[EventDate "2011.04.30"]
[EventType "swiss"]
[EventRounds "7"]
[EventCountry "ESP"]
[SourceTitle "EXT 2012"]
[Source "ChessBase"]
[SourceDate "2011.11.24"]
[SourceVersion "1"]
[SourceVersionDate "2011.11.24"]
[SourceQuality "1"]

1. d4 d5 2. c4 e6 3. Nc3 Be7 4. Qc2 Nf6 5. cxd5 exd5 6. Bg5 h6 7. Bf4 Bd6 8. Bxd6 Qxd6 9. e3 c6 10. Bd3 0-0 11. Nf3 Nbd7 12. 0-0 b6 13. Rab1 a5 14. Rfc1 Bb7 15. Nh4 Rfe8 16. Nf5 Qf8 17. a3 Ra7 18. Na4 Ne4 19. Bxe4 dxe4 20. Qb3 Ra6 21. Nc5 Nxc5 22. dxc5 Bc8 23. Nd6 Re6 24. Qc4 b5 25. Qc3 Ra8 26. b4 a4 27. Rd1 f5 28. Rd4 Qf6 29. Qd2 Qg5 30. Rd1 Rg6 31. g3 h5 32. Nxb5 cxb5 33. Rd8+ Kh7 34. Qd5 Be6 35. Qxa8 h4 36. Rh8# 1-0

[Event "Benidorm New Generation U16 06th"]
[Site "Benidorm"]
[Date "2010.12.07"]
[Round "5"]
[White "Toste Nieto, Alexandre"]
[Black "Orantes Taboada, Manuel"]
[Result "0-1"]
[WhiteElo "1939"]
[BlackElo "1807"]
[PlyCount "62"]
[EventDate "2010.12.04"]
[EventType "swiss"]
[EventRounds "7"]
[EventCountry "ESP"]
[SourceTitle "EXT 2024"]
[Source "ChessBase"]
[SourceDate "2023.10.10"]
[SourceVersion "1"]
[SourceVersionDate "2023.10.10"]
[SourceQuality "1"]

1. d4 Nf6 2. c4 g6 3. Nc3 Bg7 4. e4 d6 5. Nf3 0-0 6. Be2 e5 7. 0-0 Nc6 8. d5 Ne7 9. Ne1 Ne8 10. Nd3 f5 11. Bd2 Nf6 12. f3 f4 13. c5 g5 14. Rc1 Ng6 15. cxd6 cxd6 16. Nb5 Rf7 17. Qc2 Ne8 18. a4 Bf8 19. Qb3 h5 20. Nf2 Rg7 21. Rc2 Nh4 22. h3 a6 23. Na3 Nf6 24. Nc4 g4 25. hxg4 hxg4 26. Nb6 gxf3 27. Nxa8 Rxg2+ 28. Kh1 fxe2 29. Rg1 Rxg1+ 30. Kxg1 Nh5 31. Nh3 Qd7 0-1

[Event "Benidorm New Generation U16 06th"]
[Site "Benidorm"]
[Date "2010.12.06"]
[Round "4"]
[White "Toste Nieto, Alexandre"]
[Black "Romero Calduch, Sergio"]
[Result "1/2-1/2"]
[WhiteElo "1939"]
[BlackElo "1804"]
[PlyCount "43"]
[EventDate "2010.12.04"]
[EventType "swiss"]
[EventRounds "7"]
[EventCountry "ESP"]
[SourceTitle "EXT 2024"]
[Source "ChessBase"]
[SourceDate "2023.10.10"]
[SourceVersion "1"]
[SourceVersionDate "2023.10.10"]
[SourceQuality "1"]

1. d4 d5 2. c4 c6 3. Nc3 Nf6 4. Nf3 e6 5. Bg5 Nbd7 6. cxd5 exd5 7. Qc2 Be7 8. e3 0-0 9. Bd3 Re8 10. 0-0 h6 11. Bf4 Nf8 12. h3 Ne6 13. Bh2 Ng5 14. Ne5 Bd6 15. f4 Nge4 16. Bxe4 Nxe4 17. Nxe4 dxe4 18. Nc4 f5 19. Bg3 Be6 20. Rad1 Bd5 21. b3 Qe7 22. Nxd6 1/2-1/2

[Event "Llinars del Valles op-A 4th"]
[Site "Llinars del Valles"]
[Date "2010.04.10"]
[Round "1"]
[White "Toste Nieto, Alexandre"]
[Black "Ramon Solans, Albert"]
[Result "0-1"]
[WhiteElo "1876"]
[BlackElo "2171"]
[PlyCount "64"]
[EventDate "2010.04.10"]
[EventType "swiss"]
[EventRounds "7"]
[EventCountry "ESP"]
[SourceTitle "EXT 2012"]
[Source "ChessBase"]
[SourceDate "2011.11.24"]
[SourceVersion "1"]
[SourceVersionDate "2011.11.24"]
[SourceQuality "1"]

1. d4 d5 2. c4 c6 3. Nc3 Nf6 4. Nf3 Bf5 5. e3 e6 6. Be2 Nbd7 7. 0-0 h6 8. b3 Bd6 9. Bb2 0-0 10. Rc1 Re8 11. h3 Rc8 12. Bd3 Bxd3 13. Qxd3 Qe7 14. e4 dxe4 15. Nxe4 Nxe4 16. Qxe4 Nf6 17. Qe2 Red8 18. Rcd1 Nh5 19. Ne5 Nf4 20. Qf3 Bxe5 21. dxe5 Ng6 22. Qc3 Qg5 23. Rd6 Nh4 24. g3 Nf5 25. Rdd1 h5 26. Bc1 Qg6 27. Kh2 c5 28. h4 Qg4 29. Rxd8+ Rxd8 30. Qa5 Rd3 31. Qxc5 Nxg3 32. Rg1 Nf1+ 0-1

[Event "Girona Province-chA"]
[Site "Figueres"]
[Date "2009.11.22"]
[Round "8"]
[White "Blasco Vidal, Joan"]
[Black "Toste Nieto, Alexandre"]
[Result "0-1"]
[WhiteElo "1719"]
[BlackElo "1838"]
[PlyCount "42"]
[EventDate "2009.10.04"]
[EventType "swiss"]
[EventRounds "8"]
[EventCountry "ESP"]
[SourceTitle "EXT 2019"]
[Source "ChessBase"]
[SourceDate "2018.10.10"]
[SourceVersion "1"]
[SourceVersionDate "2018.10.10"]
[SourceQuality "1"]

1. d4 Nf6 2. c4 g6 3. Nc3 Bg7 4. e4 d6 5. Be3 0-0 6. Qd2 e5 7. d5 a5 8. Bh6 Bxh6 9. Qxh6 Ng4 10. Qd2 f5 11. f3 Nf6 12. Bd3 fxe4 13. fxe4 Na6 14. 0-0-0 Nc5 15. Nf3 Nh5 16. Ne2 Bg4 17. Neg1 Qf6 18. h3 Bxf3 19. Nxf3 Ng3 20. Rhe1 Qf4 21. Ng5 Nxd3+ 0-1

[Event "Figueres op 10th"]
[Site "Figueres"]
[Date "2009.08.02"]
[Round "2"]
[White "Toste Nieto, Alexandre"]
[Black "Asensio Graells, Ricard"]
[Result "1-0"]
[WhiteElo "1820"]
[BlackElo "1481"]
[PlyCount "65"]
[EventDate "2009.08.01"]
[EventType "swiss"]
[EventRounds "9"]
[EventCountry "ESP"]
[SourceTitle "EXT 2010"]
[Source "ChessBase"]
[SourceDate "2010.11.25"]
[SourceVersion "1"]
[SourceVersionDate "2010.11.25"]
[SourceQuality "1"]

1. d4 Nf6 2. c4 g6 3. Nc3 Bg7 4. e4 d6 5. Nf3 0-0 6. Be2 Nbd7 7. 0-0 e5 8. d5 h6 9. b4 b6 10. Nd2 Nh7 11. Nb3 Nb8 12. c5 bxc5 13. bxc5 Ba6 14. cxd6 cxd6 15. Ba3 Bxe2 16. Qxe2 a6 17. Rfc1 f5 18. f3 fxe4 19. Nxe4 Qb6+ 20. Kh1 Rd8 21. Rab1 Qb5 22. Qxb5 axb5 23. Bxd6 Nd7 24. Bc7 Rf8 25. Rc2 Nhf6 26. Nxf6+ Rxf6 27. Na5 Rfa6 28. Rxb5 Rc8 29. Rc4 Bf8 30. a4 Rf6 31. Bxe5 Rxc4 32. Nxc4 Nxe5 33. Nxe5 1-0

[Event "Girona-ch"]
[Site "Girona"]
[Date "2008.10.19"]
[Round "3"]
[White "Toste Nieto, Alexandre"]
[Black "Rex, Torsten Claus"]
[Result "0-1"]
[WhiteElo "1811"]
[BlackElo "2043"]
[PlyCount "75"]
[EventDate "2008.10.05"]
[EventType "swiss"]
[EventRounds "9"]
[EventCountry "ESP"]
[SourceTitle "EXT 2011"]
[Source "ChessBase"]
[SourceDate "2010.11.26"]
[SourceVersion "1"]
[SourceVersionDate "2010.11.26"]
[SourceQuality "1"]

1. d4 Nf6 2. c4 c5 3. Nf3 cxd4 4. Nxd4 Nc6 5. Nc3 g6 6. g3 Bg7 7. Bg2 0-0 8. 0-0 a6 9. Qd2 e6 10. Nc2 Rb8 11. Rd1 Qc7 12. Nd4 d5 13. cxd5 exd5 14. Qf4 Qxf4 15. Bxf4 Ra8 16. Nxc6 bxc6 17. Rac1 Bf5 18. Na4 Rfe8 19. Nb6 Ra7 20. Be3 Ng4 21. Nxd5 Nxe3 22. Nxe3 Bh6 23. Bxc6 Rxe3 24. fxe3 Bxe3+ 25. Kg2 Bxc1 26. Rxc1 Rc7 27. Rc3 Rxc6 28. Rxc6 Be4+ 29. Kf2 Bxc6 30. Ke3 Kf8 31. Kd4 Ke7 32. e4 f6 33. b3 Kd6 34. a3 h6 35. b4 h5 36. h3 g5 37. h4 gxh4 38. gxh4 0-1